|
|
|
|
| LEADER |
00000nam0a2200000 4500 |
| 001 |
216217 |
| 005 |
20231101230026.0 |
| 010 |
|
|
|a 9785916573503
|
| 035 |
|
|
|a (RuTPU)RU\TPU\book\236180
|
| 090 |
|
|
|a 216217
|
| 100 |
|
|
|a 20120522d2012 km y0rusy50 ca
|
| 101 |
0 |
|
|a rus
|
| 102 |
|
|
|a RU
|
| 105 |
|
|
|a y z 001zy
|
| 200 |
1 |
|
|a Первые 90 дней. Стратегии успеха для новых лидеров всех уровней
|e пер. с англ.
|f М. Уоткинс
|
| 210 |
|
|
|a Москва
|c Манн, Иванов и Фербер
|d 2012
|
| 215 |
|
|
|a 262 с.
|
| 225 |
1 |
|
|a Хороший перевод!
|
| 320 |
|
|
|a Библиогр.: с. 257-259.
|
| 330 |
|
|
|a Как показывает практика, самый рискованный период для любого менеджера на новой работе - первые три месяца. От того, как вы покажете себя за первые 90 дней, зависит ваш будущий успех или провал. Книга Майкла Уоткинса переведена на 27 языков, а количество проданных экземпляров только на английском перевалило за 420 тысяч! Это лучшая и самая универсальная книга на тему адаптации на новой должности.
|
| 606 |
1 |
|
|a Менеджмент
|2 stltpush
|3 (RuTPU)RU\TPU\subj\42098
|9 61850
|
| 610 |
1 |
|
|a управление
|
| 610 |
1 |
|
|a управленческая деятельность
|
| 610 |
1 |
|
|a управленческие технологии
|
| 610 |
1 |
|
|a обучение
|
| 610 |
1 |
|
|a адаптация
|
| 610 |
1 |
|
|a адаптационные тренинги
|
| 686 |
|
|
|a У821
|v LBC/SL-A
|2 rubbk
|
| 700 |
|
1 |
|a Уоткинс
|b М.
|g Майкл
|
| 801 |
|
1 |
|a RU
|b 63413507
|c 20120522
|
| 801 |
|
2 |
|a RU
|b 63413507
|c 20120925
|g RCR
|
| 942 |
|
|
|c BK
|
| 959 |
|
|
|a 80/20120522
|d 1
|e 500,00
|f ЧЗГЛ:1
|